| 000 | 00695nam a22002417a 4500 | ||
|---|---|---|---|
| 003 | UA-OsUOA | ||
| 001 | 20924 | ||
| 007 | ta | ||
| 008 | 20031107b un ||||| |||| 00| 0 ukr d | ||
| 100 | _aСимоненко Р. Г. | ||
| 090 |
_a94(477).06. _bС37 |
||
| 942 | _cBK | ||
| 040 |
_aUA-OsUOA _brus _cUA-OsUOA _dUA-OsUOA |
||
| 245 |
_aЧорне перо фальсифікаторів _bПроти перекручень історії боротьби за Радянську владу на Україні |
||
| 300 | _a62 с. | ||
| 955 | _a0 | ||
| 041 | _arus | ||
| 080 | _a94(477).06. | ||
| 260 |
_aКиїв _bЗнання _c1968 |
||
| 044 | _aUA | ||
| 650 | 7 | _2UDC | |
| 999 |
_c307112 _d307112 |
||